[Event "SUI-chT"]
[Site "Switzerland"]
[Date "2014.09.06"]
[Round "6.3"]
[White "Jenni, Florian"]
[Black "Preissmann, Emmanuel"]
[Result "1/2-1/2"]
[WhiteElo "2512"]
[BlackElo "2275"]
[PlyCount "72"]
[EventDate "2014.03.16"]
[EventType "team-tourn"]
[EventRounds "9"]
[EventCountry "SUI"]
[SourceTitle "EXT 2015"]
[Source "ChessBase"]
[SourceDate "2014.11.20"]
[SourceVersion "1"]
[SourceVersionDate "2014.11.20"]
[SourceQuality "1"]
[WhiteTeam "Winterthur"]
[BlackTeam "Neuchatel"]
[WhiteTeamCountry "SUI"]
[BlackTeamCountry "SUI"]

1. e4 c6 2. d4 d5 3. Nc3 g6 4. Nf3 Bg7 5. h3 Nh6 6. Bf4 f6 7. exd5 cxd5 8. Nb5 Na6 9. c4 0-0 10. Be2 Be6 11. cxd5 Bxd5 12. Nc3 Bf7 13. 0-0 Nf5 14. Re1 Nc7 15. Bd3 Ne6 16. Bxf5 Nxf4 17. Be4 Qd7 18. Ne2 Nd5 19. Bxd5 Bxd5 20. Nc3 e6 21. Nxd5 Qxd5 22. Qe2 Kf7 23. Rac1 Rfc8 24. b3 Bh6 25. Rc4 Rc6 26. Nh2 Rac8 27. Ng4 Bf8 28. Ne3 Qd7 29. Rd1 b5 30. Rxc6 Qxc6 31. d5 exd5 32. Rxd5 Bc5 33. Qd3 Bxe3 34. fxe3 Qc1+ 35. Kf2 Qc2+ 36. Qxc2 Rxc2+ 1/2-1/2

[Event "EU-Cup 28th"]
[Site "Eilat"]
[Date "2012.10.17"]
[Round "7.5"]
[White "Preissmann, Emmanuel"]
[Black "Sodtholt, Dag"]
[Result "1-0"]
[WhiteElo "2222"]
[BlackElo "1954"]
[PlyCount "99"]
[EventDate "2012.10.11"]
[EventType "team-swiss"]
[EventRounds "7"]
[EventCountry "ISR"]
[SourceTitle "CBM 151"]
[Source "ChessBase"]
[SourceDate "2012.11.13"]
[SourceVersion "1"]
[SourceVersionDate "2012.11.13"]
[SourceQuality "1"]
[WhiteTeam "Geneve"]
[BlackTeam "SOSS"]
[WhiteTeamCountry "SUI"]
[BlackTeamCountry "NOR"]

1. e4 c5 2. Nf3 d6 3. c3 Nf6 4. h3 Nc6 5. Bd3 g6 6. 0-0 Bg7 7. Bc2 0-0 8. d4 cxd4 9. cxd4 d5 10. e5 Ne4 11. Nc3 Nxc3 12. bxc3 Na5 13. Nh2 Qc7 14. Qe1 f6 15. f4 fxe5 16. fxe5 Rxf1+ 17. Nxf1 Be6 18. Qg3 Rc8 19. Bd2 Nc4 20. Be1 Qb6 21. Rb1 Qa6 22. Bd3 Bf5 23. Bxf5 gxf5 24. Qg5 Na3 25. Rb2 Nc4 26. Rf2 e6 27. Ng3 Qb6 28. Nh5 Qc7 29. Rf3 Kh8 30. Rg3 Rg8 31. Nf4 Qf7 32. Qh4 Bf8 33. Qd8 Bh6 34. Rxg8+ Qxg8 35. Nxe6 Qxd8 36. Nxd8 b5 37. Nc6 Be3+ 38. Kf1 Nb6 39. Ke2 Bg1 40. Nxa7 b4 41. Nc6 bxc3 42. Kd3 Kg7 43. Bxc3 Kf7 44. Nd8+ Ke7 45. Nb7 Kd7 46. Nc5+ Kc6 47. Ne6 Nc8 48. Ng7 Ne7 49. Bd2 Bh2 50. Bg5 1-0

[Event "EU-Cup 28th"]
[Site "Eilat"]
[Date "2012.10.13"]
[Round "3.5"]
[White "Preissmann, Emmanuel"]
[Black "Terzi, Alexei"]
[Result "1-0"]
[WhiteElo "2222"]
[BlackElo "2115"]
[PlyCount "95"]
[EventDate "2012.10.11"]
[EventType "team-swiss"]
[EventRounds "7"]
[EventCountry "ISR"]
[SourceTitle "CBM 151"]
[Source "ChessBase"]
[SourceDate "2012.11.13"]
[SourceVersion "1"]
[SourceVersionDate "2012.11.13"]
[SourceQuality "1"]
[WhiteTeam "Geneve"]
[BlackTeam "Minsk Ladia"]
[WhiteTeamCountry "SUI"]
[BlackTeamCountry "BLR"]

1. e4 c5 2. Nf3 e6 3. c3 d5 4. exd5 Qxd5 5. d4 Nf6 6. Na3 Qd8 7. Nc2 Be7 8. Bd3 0-0 9. 0-0 Nc6 10. Qe2 Qc7 11. Bg5 b6 12. Rfe1 Bb7 13. dxc5 bxc5 14. Ne3 Nd7 15. Nc4 Nb6 16. Qe4 g6 17. Qh4 Nxc4 18. Bxc4 Rfe8 19. Bxe7 Nxe7 20. Ng5 h5 21. Nxe6 fxe6 22. Rxe6 Kh7 23. Qf6 Bc8 24. Qf7+ Kh6 25. Rxg6+ Nxg6 26. Qxc7 Bf5 27. Rd1 Re5 28. h3 Rf8 29. Qxa7 Rf6 30. Qc7 h4 31. a4 Bc2 32. Ra1 Rg5 33. Be2 Bf5 34. Kf1 Be6 35. Qd8 Rf8 36. Qd6 Rf6 37. Qd8 Rf8 38. Qd2 Nf4 39. Bf3 Bc4+ 40. Kg1 Nxh3+ 41. Kh2 Nf4 42. Re1 Ng6 43. Re4 Bg8 44. Rg4 Rff5 45. Be4 Re5 46. a5 Be6 47. Rxg5 Rxg5 48. f4 1-0

[Event "Geneve op 28th"]
[Site "Geneve"]
[Date "2011.12.28"]
[Round "4"]
[White "Leresche, Samuel"]
[Black "Preissmann, Emmanuel"]
[Result "0-1"]
[WhiteElo "1990"]
[BlackElo "2266"]
[PlyCount "48"]
[EventDate "2011.12.26"]
[EventType "swiss"]
[EventRounds "7"]
[EventCountry "SUI"]
[SourceTitle "CBM 146 Extra"]
[Source "ChessBase"]
[SourceDate "2012.02.29"]
[SourceVersion "1"]
[SourceVersionDate "2012.02.29"]
[SourceQuality "1"]

1. e4 e5 2. Nf3 Nc6 3. Bc4 Nf6 4. Ng5 d5 5. exd5 b5 6. Bxb5 Qxd5 7. Nc3 Qxg2 8. Qf3 Qxf3 9. Nxf3 Bd7 10. Rg1 Nd4 11. Bxd7+ Kxd7 12. Nxd4 exd4 13. Ne2 Re8 14. d3 g6 15. Bg5 Nd5 16. Kd2 f6 17. Bh4 Bh6+ 18. Kd1 c5 19. c3 g5 20. Bg3 f5 21. f3 Re3 22. Kd2 Rxf3 23. Be5 g4+ 24. Kc2 Re8 0-1

[Event "SUI-chT"]
[Site "Switzerland"]
[Date "2011.06.26"]
[Round "5.8"]
[White "Toth, Bela"]
[Black "Preissmann, Emmanuel"]
[Result "1-0"]
[WhiteElo "2312"]
[BlackElo "2325"]
[PlyCount "103"]
[EventDate "2011.02.27"]
[EventType "team-tourn"]
[EventRounds "9"]
[EventCountry "SUI"]
[SourceTitle "EXT 2012"]
[Source "ChessBase"]
[SourceDate "2011.11.24"]
[SourceVersion "1"]
[SourceVersionDate "2011.11.24"]
[SourceQuality "1"]
[WhiteTeam "Riehen"]
[BlackTeam "Geneve"]
[WhiteTeamCountry "SUI"]
[BlackTeamCountry "SUI"]

1. d4 d5 2. c4 e6 3. Nc3 c6 4. e3 Nf6 5. Nf3 Nbd7 6. Bd3 dxc4 7. Bxc4 b5 8. Bd3 a6 9. e4 c5 10. e5 cxd4 11. Nxb5 Ng4 12. Qa4 Bb7 13. Nbxd4 Qb6 14. 0-0 Bc5 15. h3 Bxf3 16. hxg4 Bd5 17. Nf3 Qb7 18. Qf4 f6 19. exf6 gxf6 20. Re1 0-0 21. Be4 Ne5 22. Bxd5 exd5 23. Nxe5 fxe5 24. Qg5+ Qg7 25. Qxg7+ Kxg7 26. Be3 d4 27. Bd2 d3 28. Be3 Rac8 29. Rad1 Rfd8 30. Bxc5 Rxc5 31. Re3 Rcd5 32. Rd2 Kf6 33. f3 Rd4 34. Kf2 R8d5 35. Re4 Rxe4 36. fxe4 Rd7 37. Ke3 Rg7 38. Rxd3 Rxg4 39. Kf3 Rf4+ 40. Ke3 Rg4 41. Rd6+ Ke7 42. Rxa6 Rxg2 43. b4 h5 44. Kd3 h4 45. a4 Rb2 46. Kc4 Rd2 47. Rh6 Rd4+ 48. Kc5 Rxe4 49. a5 Kd7 50. a6 Re1 51. a7 Ra1 52. Rh8 1-0

[Event "SUI-chT"]
[Site "Switzerland"]
[Date "2011.03.20"]
[Round "2.5"]
[White "Kuehn, Peter"]
[Black "Preissmann, Emmanuel"]
[Result "1-0"]
[WhiteElo "2401"]
[BlackElo "2325"]
[PlyCount "87"]
[EventDate "2011.02.27"]
[EventType "team-tourn"]
[EventRounds "9"]
[EventCountry "SUI"]
[SourceTitle "CBM 141 Extra"]
[Source "ChessBase"]
[SourceDate "2011.05.03"]
[SourceVersion "1"]
[SourceVersionDate "2011.05.03"]
[SourceQuality "1"]
[WhiteTeam "Reichenstein"]
[BlackTeam "Geneve"]
[WhiteTeamCountry "SUI"]
[BlackTeamCountry "SUI"]

1. d4 e6 2. g3 c5 3. Nf3 b5 4. Bg2 Bb7 5. c3 Nf6 6. 0-0 Be7 7. Bg5 cxd4 8. cxd4 0-0 9. Qd3 Qb6 10. Nc3 b4 11. Na4 Qa6 12. Qxa6 Nxa6 13. Ne5 Bxg2 14. Kxg2 Rfc8 15. Nxd7 Rc2 16. Rac1 Rac8 17. Ndc5 Rxc1 18. Rxc1 Nxc5 19. Nxc5 h6 20. Nd3 Rd8 21. Bxf6 Bxf6 22. e3 a5 23. Rc5 Ra8 24. Kf3 Kf8 25. Ke4 Be7 26. Rb5 Ke8 27. Ne5 Bd6 28. Nc4 Bc7 29. Rb7 Kd8 30. d5 exd5+ 31. Kxd5 Ra6 32. Kd4 h5 33. Rb5 h4 34. Rf5 hxg3 35. hxg3 Ke7 36. Kc5 f6 37. Kb5 Ra8 38. Kc6 Ra7 39. Rb5 Kd8 40. Rb7 Ra6+ 41. Nb6 Bxb6 42. Rxb6 Ra8 43. Kb7 Rc8 44. Rc6 1-0

[Event "SUI-chT"]
[Site "Switzerland"]
[Date "2010.11.06"]
[Round "8.2"]
[White "Preissmann, Emmanuel"]
[Black "Nideroest, Bruno"]
[Result "1-0"]
[WhiteElo "2303"]
[BlackElo "2234"]
[PlyCount "103"]
[EventDate "2010.02.14"]
[EventType "team-tourn"]
[EventRounds "9"]
[EventCountry "SUI"]
[SourceTitle "EXT 2011"]
[Source "ChessBase"]
[SourceDate "2010.11.26"]
[SourceVersion "1"]
[SourceVersionDate "2010.11.26"]
[SourceQuality "1"]
[WhiteTeam "Geneve"]
[BlackTeam "Tribschen"]
[WhiteTeamCountry "SUI"]
[BlackTeamCountry "SUI"]

1. e4 e6 2. d4 d5 3. exd5 exd5 4. c4 Nf6 5. Nc3 Be6 6. cxd5 Nxd5 7. Bd3 Nc6 8. Nge2 Be7 9. 0-0 0-0 10. Re1 Re8 11. a3 h6 12. Bc2 Nxc3 13. bxc3 Bc4 14. Ng3 Bf8 15. Rxe8 Qxe8 16. Bf4 Qd7 17. Nf5 Ne7 18. Ne3 Be6 19. h4 Nd5 20. Nxd5 Qxd5 21. Qd3 g6 22. Qg3 Bd6 23. Re1 Rd8 24. Be5 Kh7 25. h5 Rg8 26. hxg6+ fxg6 27. Be4 Qb3 28. Bxd6 cxd6 29. Qxd6 Qxc3 30. Qe7+ Kh8 31. Qf6+ Kh7 32. Re3 Qc1+ 33. Kh2 Qc7+ 34. g3 Bf7 35. d5 Re8 36. d6 Qd7 37. Bg2 Rxe3 38. fxe3 Be8 39. Be4 Bf7 40. Bd3 a6 41. e4 Qe6 42. Qxe6 Bxe6 43. Bc4 Bg4 44. a4 Kg7 45. e5 Kf8 46. a5 Bf3 47. Kg1 h5 48. Kf2 Bc6 49. e6 g5 50. Be2 h4 51. gxh4 gxh4 52. Bh5 1-0

[Event "SUI-chT"]
[Site "Switzerland"]
[Date "2010.03.21"]
[Round "2.4"]
[White "Preissmann, Emmanuel"]
[Black "Hug, Werner"]
[Result "0-1"]
[WhiteElo "2303"]
[BlackElo "2463"]
[PlyCount "88"]
[EventDate "2010.02.14"]
[EventType "team-tourn"]
[EventRounds "9"]
[EventCountry "SUI"]
[SourceTitle "EXT 2011"]
[Source "ChessBase"]
[SourceDate "2010.11.26"]
[SourceVersion "1"]
[SourceVersionDate "2010.11.26"]
[SourceQuality "1"]
[WhiteTeam "Geneve"]
[BlackTeam "Zuerich"]
[WhiteTeamCountry "SUI"]
[BlackTeamCountry "SUI"]

1. e4 e6 2. d4 d5 3. Nc3 Bb4 4. exd5 exd5 5. a3 Bxc3+ 6. bxc3 Nf6 7. Bd3 0-0 8. Ne2 Bg4 9. f3 Bh5 10. 0-0 Bg6 11. c4 Bxd3 12. Qxd3 dxc4 13. Qxc4 Re8 14. Bg5 Qd5 15. Qxd5 Nxd5 16. Kf2 b5 17. Rfb1 Nc6 18. Bd2 a6 19. a4 b4 20. c4 bxc3 21. Nxc3 Rad8 22. Ne2 f6 23. Rb7 Rb8 24. Rxb8 Rxb8 25. Rc1 Nce7 26. Nf4 Rb2 27. Nxd5 Nxd5 28. Ke1 Rb6 29. Ba5 Rd6 30. Kd2 Rd7 31. Kd3 Kf7 32. Rc6 Rd6 33. Rxd6 cxd6 34. g4 Ke6 35. Bd2 Nb6 36. Ba5 Nxa4 37. Kc2 Kd5 38. Kb3 Kxd4 39. Kxa4 Ke3 40. Bc7 Kxf3 41. Bxd6 Kxg4 42. Ka5 f5 43. Kxa6 f4 44. Kb5 f3 0-1

[Event "Lausanne Master op"]
[Site "Lausanne"]
[Date "2000.06.01"]
[Round "3"]
[White "Rainfray, Arnaud"]
[Black "Preissmann, Emmanuel"]
[Result "1/2-1/2"]
[WhiteElo "2400"]
[BlackElo "2368"]
[PlyCount "128"]
[EventDate "2000.05.31"]
[EventType "swiss"]
[EventRounds "9"]
[EventCountry "SUI"]
[SourceTitle "CBM 076 Extra"]
[Source "ChessBase"]
[SourceDate "2000.07.11"]
[SourceVersion "1"]
[SourceVersionDate "2000.07.11"]
[SourceQuality "1"]

1. e4 d5 2. exd5 Nf6 3. Nf3 Nxd5 4. d4 g6 5. Be2 Bg7 6. 0-0 0-0 7. c4 Nb6 8. Nc3 Nc6 9. Be3 Bg4 10. d5 Bxf3 11. Bxf3 Ne5 12. c5 Nbc4 13. Bc1 c6 14. Be2 cxd5 15. Qxd5 Na5 16. Bg5 Qxd5 17. Nxd5 e6 18. Ne3 Nec6 19. Rab1 h6 20. Bf4 e5 21. Bg3 f5 22. f4 g5 23. fxg5 f4 24. gxh6 Bh8 25. Nc2 fxg3 26. b4 gxh2+ 27. Kxh2 Rxf1 28. Bxf1 Rf8 29. bxa5 Nxa5 30. Bd3 Rf4 31. Rb5 e4 32. Bxe4 Rxe4 33. Rxa5 Re5 34. Kg3 a6 35. Kf4 Rh5 36. Ne3 Rxh6 37. Nf5 Rh2 38. g4 Rc2 39. c6 bxc6 40. Rxa6 Bf6 41. Ra8+ Kf7 42. Nd6+ Ke6 43. Ne4 Be5+ 44. Kf3 c5 45. g5 c4 46. g6 Kf5 47. Ra5 Kxg6 48. Rxe5 Rxa2 49. Kf4 Ra1 50. Re6+ Kg7 51. Rc6 Ra5 52. Rxc4 Kf7 53. Rc6 Ke7 54. Nc5 Ra1 55. Ke5 Re1+ 56. Ne4 Kd7 57. Rh6 Kc7 58. Kd5 Rd1+ 59. Kc4 Rc1+ 60. Nc3 Kd7 61. Kd4 Rc2 62. Ne4 Rc1 63. Rd6+ Kc7 64. Ra6 Rc6 1/2-1/2

[Event "EU-Cup 13th Group5"]
[Site "Mulhouse"]
[Date "1997.10.03"]
[Round "1"]
[White "Schumi, Manfred"]
[Black "Preissmann, Emmanuel"]
[Result "1/2-1/2"]
[WhiteElo "2235"]
[BlackElo "2365"]
[PlyCount "116"]
[EventDate "1997.10.03"]
[EventType "team-k.o."]
[EventRounds "3"]
[EventCountry "FRA"]
[SourceTitle "EXT 2020"]
[Source "ChessBase"]
[SourceDate "2019.10.17"]
[SourceVersion "1"]
[SourceVersionDate "2019.10.17"]
[SourceQuality "1"]
[WhiteTeam "Klagenfurt"]
[BlackTeam "Geneve"]
[WhiteTeamCountry "AUT"]
[BlackTeamCountry "SUI"]

1. e4 c5 2. Nf3 Nc6 3. d4 cxd4 4. Nxd4 e5 5. Nb5 a6 6. Nd6+ Bxd6 7. Qxd6 Qf6 8. Qd1 Qg6 9. Nc3 Nge7 10. h4 h5 11. Bg5 d5 12. Bd3 dxe4 13. Nxe4 Bf5 14. f3 0-0-0 15. Qe2 f6 16. Be3 Nd5 17. 0-0-0 Ncb4 18. Kb1 Nxe3 19. Qxe3 Nxd3 20. cxd3 Kb8 21. Rc1 Rd4 22. Rc3 Rhd8 23. Rg1 Bxe4 24. fxe4 f5 25. exf5 Qxf5 26. Re1 R8d5 27. g3 g6 28. a3 Rxd3 29. Rxd3 Rxd3 30. Qxe5+ Qxe5 31. Rxe5 Rxg3 32. Re6 Kc7 33. Ka2 a5 34. a4 Rg4 35. Ka3 Kd7 36. Rb6 Rxh4 37. Rxg6 Rg4 38. Rh6 h4 39. Rh7+ Kc6 40. Rh5 Kb6 41. b3 Ka6 42. Kb2 Rb4 43. Kc2 Kb6 44. Kc3 Rf4 45. Kb2 Ka6 46. Ka3 Rd4 47. Kb2 Kb6 48. Kc3 Rg4 49. Kb2 Ka6 50. Ka3 b6 51. Rh7 Rf4 52. Kb2 Rf2+ 53. Kb1 Rf3 54. Rxh4 Rxb3+ 55. Ka2 Rd3 56. Rh7 Rd5 57. Kb3 Rd3+ 58. Ka2 Rd4 1/2-1/2

[Event "SUI-chT"]
[Site "Switzerland"]
[Date "1997.??.??"]
[Round "?"]
[White "Bohnenblust, Simon"]
[Black "Preissmann, Emmanuel"]
[Result "1-0"]
[WhiteElo "2050"]
[BlackElo "2365"]
[PlyCount "89"]
[EventDate "1997.??.??"]
[EventType "team-tourn"]
[EventRounds "9"]
[EventCountry "SUI"]
[SourceTitle "EXT 1999"]
[Source "ChessBase"]
[SourceDate "1998.11.16"]
[SourceVersion "1"]
[SourceVersionDate "1998.11.16"]
[SourceQuality "1"]

1. e4 c5 2. f4 Nf6 3. Nc3 d5 4. e5 d4 5. exf6 dxc3 6. bxc3 gxf6 7. Bc4 Qd6 8. d3 Rg8 9. Qe2 Nc6 10. Be3 Bg4 11. Qf2 Bh6 12. g3 b6 13. Nf3 Na5 14. Bb5+ Kf8 15. Nd2 a6 16. Qg2 Kg7 17. Bc4 Nxc4 18. Nxc4 Qc7 19. 0-0 b5 20. Nd2 Rad8 21. c4 Be6 22. cxb5 axb5 23. a4 c4 24. axb5 cxd3 25. c4 Qb8 26. Ra7 Bxc4 27. Rb7 Qc8 28. Rc1 Bd5 29. Rxc8 Bxg2 30. Rxd8 Bxb7 31. Rd7 Rb8 32. Rxd3 e6 33. Rd7 Bd5 34. b6 Kg6 35. Nb1 Rb7 36. Rd8 f5 37. Nc3 Bf3 38. Kf2 Bh1 39. Nb5 Bg7 40. Nd6 Re7 41. Rg8 Kh6 42. Rd8 Bc3 43. Bc5 Kg6 44. Rg8+ Kh6 45. Ne8 1-0

[Event "Geneve op"]
[Site "Geneve"]
[Date "1997.??.??"]
[Round "8"]
[White "Preissmann, Emmanuel"]
[Black "Hunt, Harriet"]
[Result "1/2-1/2"]
[WhiteElo "2365"]
[BlackElo "2330"]
[PlyCount "88"]
[EventDate "1997.01.??"]
[EventType "swiss"]
[EventRounds "9"]
[EventCountry "SUI"]
[SourceTitle "EXT 1998"]
[Source "ChessBase"]
[SourceDate "1997.11.17"]
[SourceVersion "1"]
[SourceVersionDate "1997.11.17"]
[SourceQuality "1"]

1. e4 c5 2. c3 Nf6 3. e5 Nd5 4. d4 cxd4 5. cxd4 e6 6. a3 b6 7. Nf3 Be7 8. Bd3 Ba6 9. 0-0 0-0 10. Re1 Bxd3 11. Qxd3 Nc6 12. Nbd2 f6 13. Ne4 fxe5 14. dxe5 Qe8 15. Nc3 Nxc3 16. bxc3 Rd8 17. Ra2 Qh5 18. Qe4 Qf5 19. Rd2 h6 20. Rd3 Bc5 21. Qxf5 Rxf5 22. g4 Rf7 23. Kg2 Rdf8 24. Re2 Ne7 25. Nd4 Nd5 26. Be3 Bxa3 27. Nb5 Bc5 28. Nxa7 d6 29. Nc6 Rc8 30. Nd4 Bxd4 31. cxd4 dxe5 32. dxe5 b5 33. Rb2 Rc4 34. Kg3 b4 35. Bd2 Ra7 36. Rbb3 Ra2 37. h3 g5 38. h4 Rcc2 39. Be3 Nxe3 40. Rxe3 Rxf2 41. hxg5 hxg5 42. Rxb4 Rg2+ 43. Kh3 Rh2+ 44. Kg3 Rag2+ 1/2-1/2

[Event "Geneve op"]
[Site "Geneve"]
[Date "1997.??.??"]
[Round "4"]
[White "Preissmann, Emmanuel"]
[Black "Malaniuk, Vladimir P"]
[Result "1-0"]
[WhiteElo "2365"]
[BlackElo "2610"]
[PlyCount "73"]
[EventDate "1997.01.??"]
[EventType "swiss"]
[EventRounds "9"]
[EventCountry "SUI"]
[SourceTitle "EXT 1998"]
[Source "ChessBase"]
[SourceDate "1997.11.17"]
[SourceVersion "1"]
[SourceVersionDate "1997.11.17"]
[SourceQuality "1"]

1. e4 d6 2. d4 Nf6 3. Nc3 c6 4. g3 Nbd7 5. Bg2 e5 6. Nge2 b5 7. a3 Bb7 8. 0-0 a5 9. d5 Be7 10. a4 b4 11. dxc6 Bxc6 12. Nd5 Nc5 13. c3 b3 14. Be3 Nfd7 15. c4 Bxa4 16. Qd2 Bc6 17. Nxe7 Kxe7 18. Nc3 Re8 19. Rad1 Nb7 20. Nb5 Bxb5 21. cxb5 Kf8 22. Qd5 Ndc5 23. f4 Qc7 24. b6 Qe7 25. fxe5 Qe6 26. exd6 Qxd5 27. Rxd5 Nd7 28. e5 Rab8 29. Bd4 Nd8 30. Rxa5 Nxb6 31. Rb5 Nd7 32. Rxb8 Nxb8 33. Bd5 Nbc6 34. d7 Nxd4 35. dxe8Q+ Kxe8 36. Rd1 N8c6 37. Re1 1-0